Normal view
MARC view
Entry Personal Name
001 - CONTROL NUMBER
- control field: 42630
003 - CONTROL NUMBER IDENTIFIER
- control field: ARRUPE
005 - DATE AND TIME OF LATEST TRANSACTION
- control field: 20181002094759.0
008 - FIXED-LENGTH DATA ELEMENTS
- fixed length control field: 181002|| aca||aabn | a|a d
040 ## - CATALOGING SOURCE
- Original cataloging agency: ARRUPE
- Transcribing agency: ARRUPE
100 ## - HEADING--PERSONAL NAME
- Personal name: Nustad, Knut G.,
- Dates associated with a name: 1968-
670 ## - SOURCE DATA FOUND
- Source citation: Work cat.: (ARRUPE)0: Nustad, Knut G., 1968-, Creating Africas :, 2015.